Every Tory Lanez Song on the Billboard Hot 100 - Statistics

General Stats
  • This quiz has been taken 103 times
    52 since last reset
  • The average score is 5 of 15
Answer Stats
# Year Song % Correct
19 2016 LUV
74%
23 2016 Say It
74%
64 2020 Broke In A Minute
63%
66 2019 The Take ft. Chris Brown
50%
44 2019 Jerry Sprunger (T-Pain)
43%
43 2019 Talk To Me (Rich The Kid)
43%
2 2020 Whats Poppin (Jack Harlow) ft. Dababy & Lil Wayne
41%
54 2020 Stupid Again
39%
49 2016 Litty (Meek Mill)
24%
97 2020 Money Over Fallouts
22%
44 2018 KIKA (6ix9ine)
15%
73 2018 Rondo (6ix9ine) ft. Young Thug
13%
50 2020 Can I (Kehlani)
11%
98 2015 Drifting (G-Eazy) ft. Chris Brown
7%
87 2019 Beauty And The Benz ft. Snoop Dogg
2%
No matching quizzes found
Score Distribution
Percent of People with Each Score
Percentile by Number Answered
Your Score History
You have not taken this quiz since the last reset